Manpower development for technological change / (Record no. 53552)

MARC details
000 -LEADER
fixed length control field 01521nam a22003017a 4500
005 - DATE AND TIME OF LATEST TRANSACTION
control field 20110630114050.0
010 ## - LCCN (DPL NO)
LC control number ENG-102771 B-456936-938
020 ## - INTERNATIONAL STANDARD BOOK NUMBER
Terms of availability 200.00
International Standard Book Number 9788174467645
035 ## - SYSTEM CONTROL NUMBER
System control number EN-86304 B-456936-938
037 ## - SOURCE OF ACQUISITION
Source of stock number/acquisition DBAD / PUB
037 ## - SOURCE OF ACQUISITION
Source of stock number/acquisition K.K.Pub/Ven
082 ## - DEWEY DECIMAL CLASSIFICATION NUMBER
Classification number 658.3124
100 ## - MAIN ENTRY--PERSONAL NAME
Personal name Bhatia, Kanchan
245 ## - TITLE STATEMENT
Title Manpower development for technological change /
Statement of responsibility, etc by Kanchan Bhatia [and] Shweta Mittal
260 ## - PUBLICATION, DISTRIBUTION, ETC. (IMPRINT)
Name of publisher, distributor, etc Excel Books
Date of publication, distribution, etc 2011
Place of publication, distribution, etc New Delhi
270 ## - ADDRESS
Address A-45, Naraina, Phase-I
City New Delhi
Postal code 110028
300 ## - PHYSICAL DESCRIPTION
Extent 260p.
Dimensions 24cm (pbk)
500 ## - GENERAL NOTE
General note Includes index
700 ## - ADDED ENTRY--PERSONAL NAME
9 (RLIN) 28520
Personal name Mittal,Shweta
700 ## - ADDED ENTRY--PERSONAL NAME
9 (RLIN) 29125
710 ## - ADDED ENTRY--CORPORATE NAME
9 (RLIN) 28535
942 ## - ADDED ENTRY ELEMENTS (KOHA)
Source of classification or shelving scheme Dewey Decimal Classification
Item type English Books
Call number suffix BHA
Classification part 658.3124
Holdings
Withdrawn status Lost status Not for loan Collection code Home library Current library Date acquired Source of acquisition Cost, normal purchase price Full call number Barcode Copy number Cost, replacement price Koha item type
      Non-fiction Central Library Central Library 23/08/2012 K.K.Pub/1632/20.01.2012/19/16.01.2012/03.02.2012 200.00 658.3124 BHA B-456936 1 200.00 English Books
    Not For Loan Fiction D.B.Act.Division D.B.Act.Division 04/07/2011 DBAD / PUB 200.00 BHA EN-86304 1 200.00 English Books
      Non-fiction Patel Nagar Patel Nagar 23/08/2012 K.K.Pub/1632/20.01.2012/19/16.01.2012/03.02.2012 200.00 658.3124 BHA B-456937 1 200.00 English Books
      Non-fiction Sarojini Nagar Sarojini Nagar 23/08/2012 K.K.Pub/1632/20.01.2012/19/16.01.2012/03.02.2012 200.00 658.3124 BHA B-456938 1 200.00 English Books

© Delhi Public Library
Hit Counter
free hit counter